[Event "POL-chT 2nd League"]
[Site "Poronin"]
[Date "2020.09.12"]
[Round "8.13"]
[White "Flasinski, Michal"]
[Black "Zurawski, Kamil"]
[Result "1-0"]
[WhiteElo "2205"]
[BlackElo "1695"]
[PlyCount "67"]
[EventDate "2020.09.05"]
[EventType "team-swiss"]
[EventRounds "9"]
[EventCountry "POL"]
[SourceTitle "CBM 198 Extra"]
[Source "ChessBase"]
[SourceDate "2020.11.30"]
[SourceVersion "1"]
[SourceVersionDate "2020.11.30"]
[SourceQuality "1"]
[WhiteTeam "Gliwice Politechnika Slaska"]
[BlackTeam "Chrobry Gniezno"]
[WhiteTeamCountry "POL"]
[BlackTeamCountry "POL"]

1. d4 Nf6 2. c4 g6 3. Nf3 Bg7 4. g3 d5 5. cxd5 Nxd5 6. Bg2 Nb6 7. Nc3 Nc6 8. e3 0-0 9. 0-0 Re8 10. h3 a5 11. Qe2 Be6 12. Rd1 Bc4 13. Qc2 e5 14. Nxe5 Nxe5 15. dxe5 Qc8 16. f4 Be6 17. Kh2 c6 18. Ne4 Bf5 19. Qb3 Bxe4 20. Bxe4 Qc7 21. Bd2 Nd7 22. Bg2 Nc5 23. Qc4 Qb6 24. Bc3 Ne6 25. Rd3 Bf8 26. Rad1 h6 27. h4 Be7 28. Bh3 Nc7 29. e6 f6 30. Qe4 Kh7 31. h5 Rg8 32. Rd7 Rae8 33. hxg6+ Kg7 34. Bxf6+ 1-0

[Event "POL-chT 2nd League"]
[Site "Poronin"]
[Date "2020.09.06"]
[Round "2.12"]
[White "Hemmerling, Jaroslaw"]
[Black "Zurawski, Kamil"]
[Result "0-1"]
[WhiteElo "1938"]
[BlackElo "1695"]
[PlyCount "66"]
[EventDate "2020.09.05"]
[EventType "team-swiss"]
[EventRounds "9"]
[EventCountry "POL"]
[SourceTitle "CBM 198 Extra"]
[Source "ChessBase"]
[SourceDate "2020.11.30"]
[SourceVersion "1"]
[SourceVersionDate "2020.11.30"]
[SourceQuality "1"]
[WhiteTeam "Lipno Steszew"]
[BlackTeam "Chrobry Gniezno"]
[WhiteTeamCountry "POL"]
[BlackTeamCountry "POL"]

1. Nf3 Nf6 2. g3 g6 3. Bg2 Bg7 4. 0-0 0-0 5. d4 d5 6. Nc3 c6 7. Re1 Nbd7 8. e4 dxe4 9. Nxe4 Nxe4 10. Rxe4 Nf6 11. Re1 Be6 12. b3 Qd7 13. Bb2 a5 14. c4 a4 15. Qe2 axb3 16. axb3 Rxa1 17. Rxa1 Qc7 18. h3 h6 19. Ne5 Kh7 20. Qe3 Re8 21. g4 Nd7 22. Nxg6 Bxc4 23. bxc4 fxg6 24. Re1 e5 25. d5 Rf8 26. dxc6 bxc6 27. Ra1 Nb6 28. Qe4 c5 29. Ra6 Rf4 30. Qb1 Rxc4 31. Bxe5 Qxe5 32. Rxb6 Qa1 33. Bd5 Rc1+ 0-1

[Event "Poznan op 26th"]
[Site "Poznan"]
[Date "2018.08.26"]
[Round "9"]
[White "Zurawski, Kamil"]
[Black "Rozumek, Krzysztof"]
[Result "0-1"]
[WhiteElo "1690"]
[BlackElo "1848"]
[PlyCount "112"]
[EventDate "2018.08.19"]
[EventType "swiss"]
[EventRounds "9"]
[EventCountry "POR"]
[SourceTitle "CBM 186 Extra"]
[Source "ChessBase"]
[SourceDate "2018.08.24"]
[SourceVersion "1"]
[SourceVersionDate "2018.08.24"]
[SourceQuality "1"]

1. e4 c6 2. d4 d5 3. exd5 cxd5 4. c4 dxc4 5. Bxc4 Nf6 6. Nc3 e6 7. Nf3 a6 8. 0-0 b5 9. Bb3 Be7 10. d5 b4 11. dxe6 bxc3 12. exf7+ Kf8 13. Qxd8+ Bxd8 14. Re1 Be7 15. bxc3 Nc6 16. Bg5 Ra7 17. Bxf6 gxf6 18. Nd4 Nd8 19. Re3 Rc7 20. Rae1 Nxf7 21. Ne6+ Bxe6 22. Rxe6 Ra7 23. Kf1 a5 24. g3 h5 25. h4 Ne5 26. Bd5 Rh7 27. Rb6 Rh8 28. Reb1 Bd8 29. Rb7 Rh7 30. Rxh7 Rxh7 31. c4 Rc7 32. Rb5 Nxc4 33. Bxc4 Rxc4 34. Rxh5 Ra4 35. Rd5 Be7 36. Rd2 Rb4 37. Ke2 a4 38. Kd1 Rb1+ 39. Kc2 Rf1 40. Kd3 Bc5 41. Rc2 Bd6 42. Ke2 Rb1 43. Kd3 a3 44. h5 Kg7 45. g4 Kh6 46. f3 Be5 47. Re2 Kg5 48. Ke4 Rb4+ 49. Kd3 Rb1 50. Ke4 Rd1 51. Rf2 Bb2 52. f4+ Kxg4 53. h6 f5+ 54. Ke3 Bd4+ 55. Ke2 Bxf2 56. Kxd1 Bd4 0-1

[Event "Poznan op 26th"]
[Site "Poznan"]
[Date "2018.08.22"]
[Round "5"]
[White "Norov, Artem"]
[Black "Zurawski, Kamil"]
[Result "1-0"]
[WhiteElo "1905"]
[BlackElo "1690"]
[PlyCount "125"]
[EventDate "2018.08.19"]
[EventType "swiss"]
[EventRounds "9"]
[EventCountry "POR"]
[SourceTitle "CBM 186 Extra"]
[Source "ChessBase"]
[SourceDate "2018.08.24"]
[SourceVersion "1"]
[SourceVersionDate "2018.08.24"]
[SourceQuality "1"]

1. Nf3 e6 2. c4 f5 3. Nc3 Nf6 4. d3 Bb4 5. Qb3 Nc6 6. a3 Bxc3+ 7. Qxc3 0-0 8. b4 b6 9. g3 Bb7 10. Bg2 d5 11. 0-0 dxc4 12. Qxc4 Qd5 13. Qc3 Nd8 14. Qxc7 Rc8 15. Qe5 Qc6 16. Ne1 Nd5 17. Bb2 Qc7 18. Nf3 Qxe5 19. Bxe5 Nf7 20. Bd4 Rc2 21. Rfc1 Rfc8 22. Rxc2 Rxc2 23. Kf1 Nd6 24. Be5 Nf7 25. Ne1 Rc8 26. Bb2 Nd6 27. Rc1 Rxc1 28. Bxc1 Nc3 29. Bxb7 Nxb7 30. Bb2 Nd5 31. Nf3 h6 32. Nd4 Kf7 33. Nc6 a5 34. bxa5 bxa5 35. Be5 a4 36. Ke1 Nf6 37. Bxf6 Kxf6 38. Kd2 e5 39. Kc3 Ke6 40. Kb4 Kd6 41. Na5 Nd8 42. Nc4+ Kd5 43. Ne3+ Ke6 44. Kxa4 Nc6 45. Nc2 g5 46. Kb5 Kd6 47. Kb6 Nb8 48. a4 Nd7+ 49. Kb5 f4 50. a5 Kc7 51. Nb4 fxg3 52. fxg3 Nf6 53. a6 Kb8 54. Nc6+ Ka8 55. Nxe5 Nd5 56. e4 Ne3 57. Nf7 Ng4 58. e5 Nxh2 59. Nxh6 Nf3 60. Nf7 Nd4+ 61. Kb6 Ne6 62. Nd6 g4 63. Nb5 1-0

[Event "Poznan op 26th"]
[Site "Poznan"]
[Date "2018.08.19"]
[Round "1"]
[White "Zakrzewski, Marek"]
[Black "Zurawski, Kamil"]
[Result "1-0"]
[WhiteElo "2333"]
[BlackElo "1690"]
[PlyCount "75"]
[EventDate "2018.08.19"]
[EventType "swiss"]
[EventRounds "9"]
[EventCountry "POR"]
[SourceTitle "CBM 186 Extra"]
[Source "ChessBase"]
[SourceDate "2018.08.24"]
[SourceVersion "1"]
[SourceVersionDate "2018.08.24"]
[SourceQuality "1"]

1. e4 c5 2. Nf3 Nc6 3. Nc3 e5 4. Bc4 d6 5. d3 Be7 6. Nd2 Nf6 7. Nf1 Bg4 8. f3 Bd7 9. Ne3 Nd4 10. a4 a6 11. Ned5 Nxd5 12. Bxd5 Rb8 13. 0-0 0-0 14. f4 Bf6 15. f5 Bg5 16. Qh5 Bxc1 17. Raxc1 Qf6 18. Rf2 b5 19. axb5 axb5 20. Nd1 b4 21. Ne3 Qh6 22. Qxh6 gxh6 23. Nc4 Nb5 24. Rf3 Kg7 25. Rg3+ Kh8 26. Rh3 Kg7 27. Ne3 Nd4 28. Kf2 f6 29. Ra1 Nb5 30. Ng4 h5 31. Rxh5 Be8 32. Rh3 Bf7 33. Bc4 Bxc4 34. dxc4 Nc7 35. Ra7 Rf7 36. Rg3 Kf8 37. Nh6 Rg7 38. Rxc7 1-0

[Event "Poznan op 26th"]
[Site "Poznan"]
[Date "2018.08.19"]
[Round "2"]
[White "Zurawski, Kamil"]
[Black "Kaluzny, Stanislaw"]
[Result "1-0"]
[WhiteElo "1690"]
[BlackElo "1321"]
[PlyCount "51"]
[EventDate "2018.08.19"]
[EventType "swiss"]
[EventRounds "9"]
[EventCountry "POR"]
[SourceTitle "CBM 186 Extra"]
[Source "ChessBase"]
[SourceDate "2018.08.24"]
[SourceVersion "1"]
[SourceVersionDate "2018.08.24"]
[SourceQuality "1"]

1. e4 c5 2. Nc3 Nc6 3. f4 d6 4. Bc4 Nf6 5. Nf3 e6 6. d3 Be7 7. 0-0 0-0 8. Qe1 e5 9. f5 a6 10. a4 Bd7 11. Qg3 Nh5 12. Qg4 Nf6 13. Qh3 Nd4 14. Nd5 Ne2+ 15. Kh1 Nxc1 16. Raxc1 Bxa4 17. Nxe7+ Qxe7 18. g4 b5 19. Ba2 b4 20. g5 Nd7 21. g6 hxg6 22. fxg6 Nf6 23. Ng5 Bd7 24. Qh4 Be6 25. Rxf6 Qxf6 26. Qh7# 1-0

[Event "Poznan op 25th"]
[Site "Poznan"]
[Date "2017.08.24"]
[Round "6"]
[White "Wojdak, Jan"]
[Black "Zurawski, Kamil"]
[Result "1-0"]
[WhiteElo "1624"]
[BlackElo "1665"]
[PlyCount "68"]
[EventDate "2017.08.20"]
[EventType "swiss"]
[EventRounds "9"]
[EventCountry "POL"]
[SourceTitle "CBM 180 Extra"]
[Source "ChessBase"]
[SourceDate "2017.10.06"]
[SourceVersion "1"]
[SourceVersionDate "2017.10.06"]
[SourceQuality "1"]

1. e4 c5 2. Nf3 Nc6 3. d4 cxd4 4. Nxd4 Nf6 5. Nc3 e5 6. Ndb5 d6 7. Bg5 a6 8. Na3 b5 9. Bxf6 gxf6 10. Nd5 f5 11. c3 Bg7 12. Bd3 Be6 13. g3 0-0 14. 0-0 fxe4 15. Bxe4 f5 16. Bg2 Ra7 17. Nc2 Ne7 18. Ncb4 Rd7 19. a4 f4 20. axb5 Nxd5 21. Bxd5 Bxd5 22. Qxd5+ Kh8 23. bxa6 fxg3 24. hxg3 Qb6 25. Qc6 Qa7 26. Nd5 Rdf7 27. Qb6 Qd7 28. a7 Ra8 29. Qb8+ Rf8 30. Qc7 Qg4 31. Nb6 h5 32. Qc6 h4 33. Ra4 Rf4 34. Rxf4 exf4 1-0

[Event "Poznan op 25th"]
[Site "Poznan"]
[Date "2017.08.20"]
[Round "1"]
[White "Zurawski, Kamil"]
[Black "Nowak, Mikolaj"]
[Result "0-1"]
[WhiteElo "1665"]
[BlackElo "2076"]
[PlyCount "54"]
[EventDate "2017.08.20"]
[EventType "swiss"]
[EventRounds "9"]
[EventCountry "POL"]
[SourceTitle "CBM 180 Extra"]
[Source "ChessBase"]
[SourceDate "2017.10.06"]
[SourceVersion "1"]
[SourceVersionDate "2017.10.06"]
[SourceQuality "1"]

1. Nf3 g6 2. c4 Bg7 3. Nc3 d6 4. g3 Nc6 5. Bg2 f5 6. 0-0 Nf6 7. e4 e5 8. d3 0-0 9. Bg5 h6 10. Bd2 g5 11. Nxg5 hxg5 12. Bxg5 fxe4 13. Qd2 Nd4 14. Nxe4 Nxe4 15. Bxe4 Qe8 16. f4 Bf5 17. Bxb7 Rb8 18. Bd5+ Be6 19. Be4 exf4 20. gxf4 Rxb2 21. Qe1 Qh5 22. Qh4 Qxh4 23. Bxh4 Ne2+ 24. Kh1 Rxf4 25. Rab1 Rxh4 26. Rxb2 Bxb2 27. Rf2 Ng3+ 0-1

[Event "Suwalki op"]
[Site "Suwalki"]
[Date "2015.07.05"]
[Round "9"]
[White "Garbowski, Jakub"]
[Black "Zurawski, Kamil"]
[Result "1-0"]
[WhiteElo "1981"]
[BlackElo "1689"]
[PlyCount "77"]
[EventDate "2015.06.29"]
[EventType "swiss"]
[EventRounds "9"]
[EventCountry "POL"]
[SourceTitle "EXT 2017"]
[Source "ChessBase"]
[SourceDate "2016.10.25"]
[SourceVersion "1"]
[SourceVersionDate "2016.10.25"]
[SourceQuality "1"]

1. e4 c5 2. Nf3 Nc6 3. d4 cxd4 4. Nxd4 Nf6 5. Nc3 e5 6. Ndb5 d6 7. Bg5 a6 8. Na3 b5 9. Nd5 Be7 10. Bxf6 Bxf6 11. c3 0-0 12. Nc2 Bg5 13. a4 bxa4 14. Rxa4 a5 15. Bc4 Rb8 16. b3 Kh8 17. 0-0 g6 18. Qe2 Bd7 19. Rfa1 Bh6 20. Nce3 f5 21. exf5 gxf5 22. Qh5 Bxe3 23. Nxe3 Qe8 24. Qxe8 Rfxe8 25. Rd1 Be6 26. Rxd6 Bxc4 27. Rxc4 f4 28. Nd5 Ne7 29. Nf6 Red8 30. Rxd8+ Rxd8 31. g3 Kg7 32. Ng4 fxg3 33. hxg3 Rb8 34. Rc7 Kf7 35. Nxe5+ Ke6 36. Rxe7+ Kxe7 37. Nc6+ Kd6 38. Nxb8 Kd5 39. Nd7 1-0